<?xml version="1.0" encoding="UTF-8"?>
<record
    xmlns:xsi="http://www.w3.org/2001/XMLSchema-instance"
    xsi:schemaLocation="http://www.loc.gov/MARC21/slim http://www.loc.gov/standards/marcxml/schema/MARC21slim.xsd"
    xmlns="http://www.loc.gov/MARC21/slim">

  <leader>02945cas a2200757   4500</leader>
  <controlfield tag="001">11149225</controlfield>
  <controlfield tag="005">20140217170534.0</controlfield>
  <controlfield tag="007">t|</controlfield>
  <controlfield tag="008">750907c19569999mduqr p       0   a0eng c</controlfield>
  <datafield tag="010" ind1=" " ind2=" ">
    <subfield code="a">a  56001876 </subfield>
  </datafield>
  <datafield tag="016" ind1="7" ind2=" ">
    <subfield code="a">2984852R</subfield>
    <subfield code="2">DNLM</subfield>
  </datafield>
  <datafield tag="016" ind1="7" ind2=" ">
    <subfield code="a">S29140000</subfield>
    <subfield code="2">DNLM</subfield>
  </datafield>
  <datafield tag="016" ind1="7" ind2=" ">
    <subfield code="a">000270585</subfield>
    <subfield code="2">IsJJNL</subfield>
  </datafield>
  <datafield tag="016" ind1="7" ind2=" ">
    <subfield code="a">009878913</subfield>
    <subfield code="2">Uk</subfield>
  </datafield>
  <datafield tag="022" ind1="0" ind2=" ">
    <subfield code="a">0037-8046</subfield>
    <subfield code="2">1</subfield>
  </datafield>
  <datafield tag="030" ind1=" " ind2=" ">
    <subfield code="z">SOWOA</subfield>
  </datafield>
  <datafield tag="032" ind1=" " ind2=" ">
    <subfield code="a">834520</subfield>
    <subfield code="b">USPS</subfield>
  </datafield>
  <datafield tag="035" ind1=" " ind2=" ">
    <subfield code="a">(OCoLC)ocm01605893 </subfield>
  </datafield>
  <datafield tag="037" ind1=" " ind2=" ">
    <subfield code="b">Social Work, 7981 Eastern Ave., Silver Spring, MD 20910</subfield>
  </datafield>
  <datafield tag="040" ind1=" " ind2=" ">
    <subfield code="a">MnMULS</subfield>
    <subfield code="b">eng</subfield>
    <subfield code="c">MnMULS</subfield>
    <subfield code="d">NSDP</subfield>
    <subfield code="d">InU</subfield>
    <subfield code="d">MH</subfield>
    <subfield code="d">DLC</subfield>
    <subfield code="d">OCoLC</subfield>
    <subfield code="d">AIP</subfield>
    <subfield code="d">NSDP</subfield>
    <subfield code="d">AIP</subfield>
    <subfield code="d">NSDP</subfield>
    <subfield code="d">NST</subfield>
    <subfield code="d">DNLM</subfield>
    <subfield code="d">NSDP</subfield>
    <subfield code="d">NST</subfield>
    <subfield code="d">EbpS</subfield>
    <subfield code="d">DLC</subfield>
    <subfield code="d">DNLM</subfield>
    <subfield code="d">InU</subfield>
    <subfield code="d">OCoLC</subfield>
    <subfield code="d">NSDP</subfield>
    <subfield code="d">MiU</subfield>
    <subfield code="d">DNLM</subfield>
    <subfield code="d">NLGGC</subfield>
    <subfield code="d">CSdS</subfield>
    <subfield code="d">CaQQL</subfield>
    <subfield code="d">NYDWH</subfield>
    <subfield code="d">CaQMUQ</subfield>
    <subfield code="d">OCoLC</subfield>
    <subfield code="d">AU@</subfield>
    <subfield code="d">J9U</subfield>
    <subfield code="d">UKMGB</subfield>
    <subfield code="d">MoSF</subfield>
    <subfield code="d">OCoLC</subfield>
  </datafield>
  <datafield tag="042" ind1=" " ind2=" ">
    <subfield code="a">nsdp</subfield>
    <subfield code="a">pcc</subfield>
  </datafield>
  <datafield tag="050" ind1="0" ind2="0">
    <subfield code="a">HV1</subfield>
    <subfield code="b">.S644</subfield>
  </datafield>
  <datafield tag="060" ind1="0" ind2="0">
    <subfield code="a">W1</subfield>
    <subfield code="b">SO135</subfield>
  </datafield>
  <datafield tag="082" ind1="0" ind2="4">
    <subfield code="a">361.3/05</subfield>
  </datafield>
  <datafield tag="210" ind1="0" ind2=" ">
    <subfield code="a">Soc. work</subfield>
    <subfield code="b">(N.Y.N.Y. Print)</subfield>
  </datafield>
  <datafield tag="222" ind1=" " ind2="0">
    <subfield code="a">Social work</subfield>
    <subfield code="b">(New York, N.Y. Print)</subfield>
  </datafield>
  <datafield tag="245" ind1="0" ind2="0">
    <subfield code="a">Social work.</subfield>
  </datafield>
  <datafield tag="260" ind1=" " ind2=" ">
    <subfield code="a">[Silver Spring, Md., etc.,</subfield>
    <subfield code="b">National Association of Social Workers]</subfield>
  </datafield>
  <datafield tag="300" ind1=" " ind2=" ">
    <subfield code="a">v.</subfield>
    <subfield code="c">25 cm.</subfield>
  </datafield>
  <datafield tag="310" ind1=" " ind2=" ">
    <subfield code="a">Quarterly,</subfield>
    <subfield code="b">&lt;Jan. 2001-&gt;</subfield>
  </datafield>
  <datafield tag="321" ind1=" " ind2=" ">
    <subfield code="a">Quarterly,</subfield>
    <subfield code="b">Jan. 1956-</subfield>
  </datafield>
  <datafield tag="321" ind1=" " ind2=" ">
    <subfield code="a">Bimonthly,</subfield>
    <subfield code="b">&lt;Nov. 1977-July 2000&gt;</subfield>
  </datafield>
  <datafield tag="362" ind1="0" ind2=" ">
    <subfield code="a">v. 1- Jan. 1956-</subfield>
  </datafield>
  <datafield tag="530" ind1=" " ind2=" ">
    <subfield code="a">Also issued online.</subfield>
  </datafield>
  <datafield tag="550" ind1=" " ind2=" ">
    <subfield code="a">"Journal of the National Association of Social Workers."</subfield>
  </datafield>
  <datafield tag="590" ind1=" " ind2=" ">
    <subfield code="a">SERBIB/SERLOC merged record</subfield>
  </datafield>
  <datafield tag="650" ind1=" " ind2="0">
    <subfield code="a">Social service</subfield>
    <subfield code="v">Periodicals.</subfield>
    <subfield code="9">24962</subfield>
  </datafield>
  <datafield tag="650" ind1="1" ind2="2">
    <subfield code="a">Social Medicine</subfield>
    <subfield code="v">Periodicals.</subfield>
    <subfield code="9">24963</subfield>
  </datafield>
  <datafield tag="650" ind1="2" ind2="2">
    <subfield code="a">Social Work</subfield>
    <subfield code="v">Periodicals.</subfield>
    <subfield code="9">24964</subfield>
  </datafield>
  <datafield tag="650" ind1="2" ind2="2">
    <subfield code="a">Social Work, Psychiatric</subfield>
    <subfield code="v">Periodicals.</subfield>
    <subfield code="9">24965</subfield>
  </datafield>
  <datafield tag="650" ind1=" " ind2="6">
    <subfield code="a">Service social</subfield>
    <subfield code="v">P&#xE9;riodiques.</subfield>
    <subfield code="9">24966</subfield>
  </datafield>
  <datafield tag="650" ind1="1" ind2="7">
    <subfield code="a">Maatschappelijk werk.</subfield>
    <subfield code="2">gtt</subfield>
    <subfield code="9">24967</subfield>
  </datafield>
  <datafield tag="650" ind1="1" ind2="7">
    <subfield code="a">Sociale dienstverlening.</subfield>
    <subfield code="2">gtt</subfield>
    <subfield code="9">24968</subfield>
  </datafield>
  <datafield tag="650" ind1=" " ind2="7">
    <subfield code="a">Service social.</subfield>
    <subfield code="2">rasuqam</subfield>
    <subfield code="9">24969</subfield>
  </datafield>
  <datafield tag="650" ind1=" " ind2="7">
    <subfield code="a">Travail social.</subfield>
    <subfield code="2">rasuqam</subfield>
    <subfield code="9">24970</subfield>
  </datafield>
  <datafield tag="650" ind1="1" ind2="7">
    <subfield code="a">SOCIAL WORK.</subfield>
    <subfield code="2">unbist</subfield>
    <subfield code="9">24971</subfield>
  </datafield>
  <datafield tag="650" ind1="1" ind2="7">
    <subfield code="a">SOCIAL WELFARE.</subfield>
    <subfield code="2">unbist</subfield>
    <subfield code="9">24972</subfield>
  </datafield>
  <datafield tag="650" ind1="1" ind2="7">
    <subfield code="a">SOCIAL WORKERS.</subfield>
    <subfield code="2">unbist</subfield>
    <subfield code="9">24973</subfield>
  </datafield>
  <datafield tag="650" ind1="1" ind2="7">
    <subfield code="a">UNITED STATES.</subfield>
    <subfield code="2">unbist</subfield>
    <subfield code="9">24974</subfield>
  </datafield>
  <datafield tag="655" ind1=" " ind2="0">
    <subfield code="a">Electronic journals.</subfield>
    <subfield code="9">21533</subfield>
  </datafield>
  <datafield tag="655" ind1=" " ind2="7">
    <subfield code="a">P&#xE9;riodique &#xE9;lectronique (Descripteur de forme)</subfield>
    <subfield code="2">rasuqam</subfield>
    <subfield code="9">24975</subfield>
  </datafield>
  <datafield tag="655" ind1=" " ind2="7">
    <subfield code="a">Ressource Internet (Descripteur de forme)</subfield>
    <subfield code="2">rasuqam</subfield>
    <subfield code="9">24976</subfield>
  </datafield>
  <datafield tag="710" ind1="2" ind2=" ">
    <subfield code="a">National Association of Social Workers.</subfield>
    <subfield code="9">24977</subfield>
  </datafield>
  <datafield tag="776" ind1="1" ind2=" ">
    <subfield code="t">Social work (New York, N.Y. : Online)</subfield>
    <subfield code="x">1545-6846</subfield>
    <subfield code="w">(DLC)  2003215358</subfield>
    <subfield code="w">(OCoLC)47907390</subfield>
  </datafield>
  <datafield tag="776" ind1="0" ind2="8">
    <subfield code="i">Online version:</subfield>
    <subfield code="t">Social work</subfield>
    <subfield code="w">(OCoLC)565597910</subfield>
  </datafield>
  <datafield tag="780" ind1="0" ind2="0">
    <subfield code="t">Social work journal</subfield>
    <subfield code="w">(DLC)   49035067</subfield>
    <subfield code="w">(OCoLC)6432955</subfield>
  </datafield>
  <datafield tag="906" ind1=" " ind2=" ">
    <subfield code="a">7</subfield>
    <subfield code="b">cbc</subfield>
    <subfield code="c">serials</subfield>
    <subfield code="d">3</subfield>
    <subfield code="e">ncip</subfield>
    <subfield code="f">19</subfield>
    <subfield code="g">n-oclcserc</subfield>
  </datafield>
  <datafield tag="936" ind1=" " ind2=" ">
    <subfield code="a">Unknown</subfield>
    <subfield code="a">July/Aug. 1984</subfield>
  </datafield>
  <datafield tag="942" ind1=" " ind2=" ">
    <subfield code="2">lcc</subfield>
    <subfield code="c">PER</subfield>
    <subfield code="s">1</subfield>
  </datafield>
  <datafield tag="999" ind1=" " ind2=" ">
    <subfield code="c">58615</subfield>
    <subfield code="d">58589</subfield>
  </datafield>
  <datafield tag="952" ind1=" " ind2=" ">
    <subfield code="0">0</subfield>
    <subfield code="1">0</subfield>
    <subfield code="2">lcc</subfield>
    <subfield code="4">0</subfield>
    <subfield code="7">0</subfield>
    <subfield code="8">SER</subfield>
    <subfield code="a">CPL</subfield>
    <subfield code="b">CPL</subfield>
    <subfield code="c">SER</subfield>
    <subfield code="d">2014-02-17</subfield>
    <subfield code="e">Donation by Don penney</subfield>
    <subfield code="l">0</subfield>
    <subfield code="o">HV1 .S644</subfield>
    <subfield code="r">2014-02-17 00:00:00</subfield>
    <subfield code="w">2014-02-17</subfield>
    <subfield code="y">PER</subfield>
  </datafield>
</record>
